000 00421nam a2200181Ia 4500
008 090122s9999 xx 000 0 und d
082 _b11488
100 _aवाड
_bविजया
245 _aसय
260 _bदिलीप
_c2007
300 _a187
501 _aललित वितरण
600 _aवाड
630 _aसय
700 _aवाड
730 _aसय
942 _cBOOK
999 _c35565
_d35565